| 000 | 00473nam a22001937a 4500 | ||
|---|---|---|---|
| 003 | MPLRDC | ||
| 005 | 20220104113933.0 | ||
| 008 | 210129b ||||| |||| 00| 0 eng d | ||
| 020 | _a962-17-0996-2 | ||
| 082 | _a848.3 LYN-2 v.12 | ||
| 100 | _a林燕妮著 | ||
| 245 |
_a仙奴 _c |
||
| 250 | _a第二版 | ||
| 260 |
_a _b博益出版集团有限公司 _c1991 |
||
| 300 | _b平 | ||
| 490 | _a林燕妮作品;12 | ||
| 650 | _a现代别集 | ||
| 942 |
_cBK _o848.3 LYN-2 v.12 |
||
| 999 |
_c3521 _d3511 |
||